| 000 | 00610nam a2200193 a 4500 | ||
|---|---|---|---|
| 001 | 000014029 | ||
| 005 | 20200929163437.0 | ||
| 008 | 091202s1982 mx 001 j spa d | ||
| 020 | _a9682311888 | ||
| 040 |
_aDO-SdBNP _bspa _cBNPHU |
||
| 082 |
_aB869.3 _bM149u |
||
| 100 | 1 |
_aMachado de Assis, J. M., _q(Joaquim María Machado de Assis), _d1839-1908 _931761 |
|
| 245 | 1 | 0 |
_aUn hombre célebre y otros cuentos / _cJ.M. Machado de Assis. |
| 260 |
_aMéxico : _bSiglo XXI, _c1982. |
||
| 300 |
_a159 p. ; _c18 cm. |
||
| 650 | 4 |
_aCuentos brasileños _924191 |
|
| 650 | 4 |
_aLiteratura brasileña _9823 |
|
| 049 | _aBNGR | ||
| 999 |
_c13632 _d13632 |
||